[Event "EYCC Open U18 2018"]
[Site "Riga"]
[Date "2018.08.29"]
[Round "9"]
[White "Nguyen, Thai Dai Van"]
[Black "Ozen, Bahadir"]
[Result "1-0"]
[WhiteElo "2548"]
[BlackElo "2302"]
[Annotator "TA"]
[PlyCount "106"]
[EventDate "2018.08.20"]
[EventType "swiss"]
[EventCountry "LAT"]
[SourceTitle "playchess.com"]
[Source "ChessBase"]
[SourceQuality "1"]

{[%evp 21,106,36,47,35,41,27,47,36,32,42,42,18,23,20,27,20,22,16,24,8,14,12,25,22,16,22,46,43,79,79,85,85,83,77,87,81,95,93,97,97,93,96,110,89,107,95,104,105,125,98,95,97,134,106,168,121,279,259,284,285,471,469,500,498,500,508,482,484,503,486,917,566,650,614,623,589,603,606,1160,1096,971,863,12837,12838,12841,12841,12839]} 1. d4 d5 2. c4 e6 3. Nc3 Be7 4. cxd5 exd5 5. Bf4 Nf6 6. e3 O-O 7. Bd3 c5 8. dxc5 Nc6 9. Nge2 Bxc5 10. O-O {D35: Queen's Gambit Declined: Exchange Variation} Be6 (10... h6 11. Rc1 a6 12. Bg3 Bg4 13. h3 Be6 14. Nf4 Bd6 15. Bb1 Be5 16. Qd3 Qd6 17. Nh5 Rfd8 18. Nxf6+ gxf6 {1-0 (39) Navara,D (2734)-Kravtsiv,M (2621) Berlin 2015}) 11. Rc1 Rc8 {LiveBook: 3 Games} 12. h3 $146 {White is slightly better.} ({Predecessor:} 12. a3 Bd6 13. Bb1 Na5 14. e4 Bxf4 15. Nxf4 d4 16. Nxe6 fxe6 17. Ne2 Rxc1 18. Nxc1 {½-½ (100) Vocaturo,D (2582)-Stremavicius,T (2462) Benasque 2016}) 12... a6 13. Nb5 Nb4 14. Nbd4 Nxd3 15. Qxd3 Ne4 16. Nb3 {[#] f3 is the strong threat.} Bb6 17. Rxc8 Bxc8 18. Rd1 Qh4 19. Bg3 Qf6 {[#] aiming for ...Bf5.} 20. Nbd4 Rd8 21. Qb3 Bc5 22. Nf3 Nxg3 23. Nxg3 {[%cal Be2g3,Bg3h5,Bh5f4][%mdl 32]} Bf8 24. Nh5 Qe7 25. Nf4 Qb4 26. Qxb4 ({Reject} 26. Rxd5 $6 Qxb3 27. axb3 Rxd5 $11) 26... Bxb4 27. Rxd5 Rxd5 28. Nxd5 $16 {[%mdl 4096] Endgame KBB-KNN} Bc5 29. Nd4 b5 30. b4 Bd6 31. a3 Bb7 32. Nc3 g5 33. f3 Be5 34. Nce2 f5 35. Nc1 Bc8 36. Nd3 Bf6 37. g4 f4 (37... Bxd4 $16 {was worth a try.} 38. exd4 Kf7) 38. Kf2 $18 h5 $2 (38... Kf8 $16) 39. Nc5 ({Stronger than} 39. gxh5 Kg7 $14) 39... hxg4 40. hxg4 Kf7 $2 (40... Kf8 41. Ne4 fxe3+ 42. Kxe3 Bd8) 41. Ne4 {White is clearly winning.} fxe3+ 42. Kxe3 Be7 43. Nc6 Bf8 44. Nxg5+ Ke8 45. Ne4 Bg7 (45... Kf7 $142 46. f4 Kg7) 46. Nd4 Ke7 47. g5 Bh8 48. f4 Bg7 49. Nc5 Kd6 50. Ke4 Bh8 51. Nf5+ Bxf5+ 52. Kxf5 a5 53. Ne4+ Kd5 {Precision: White = 80%, Black = 38%.} 1-0

[Event "EYCC Open U18 2018"]
[Site "Riga"]
[Date "2018.08.29"]
[Round "9"]
[White "Kevlishvili, Robby"]
[Black "Erenberg, Ariel"]
[Result "0-1"]
[WhiteElo "2497"]
[BlackElo "2399"]
[Annotator "TA"]
[PlyCount "96"]
[EventDate "2018.08.20"]
[EventType "swiss"]
[EventCountry "LAT"]
[SourceTitle "playchess.com"]
[Source "ChessBase"]
[SourceQuality "1"]

{[%evp 29,95,19,28,0,0,0,-4,-20,-30,-36,-20,-27,0,0,0,0,0,0,0,0,-4,-183,-165,-186,-164,-151,-156,-238,-197,-332,-160,-250,-162,-533,-500,-586,-585,-571,-517,-571,-570,-564,-538,-569,-529,-739,-739,-1043,-965,-836,0,-700,-697,-687,-686,-577,-476,-534,-497,-845,-831,-5457,-5425,-2546,-2378,-29998,-29999,-29999]} 1. e4 e5 2. Nf3 Nc6 3. Bb5 a6 4. Ba4 Nf6 5. O-O Be7 6. Re1 b5 7. Bb3 d6 {[%cal Bd7d6,Bd6d5][%mdl 32]} 8. c3 O-O 9. d4 Bg4 10. Be3 exd4 11. cxd4 d5 12. e5 Ne4 13. Nc3 Nxc3 14. bxc3 Qd7 {C91: Closed Ruy Lopez: 7...d6 8 c3 0-0 9 d4} (14... Na5 15. Bc2 Nc4 16. Qd3 g6 17. Bh6 Re8 18. h3 Bf5 19. Qe2 Bxc2 20. Qxc2 Qd7 21. Nh2 a5 22. Ng4 Ra6 23. f4 {1-0 (55) Areshchenko,A (2714)-Melkumyan,H (2634) Germany 2013}) 15. h3 Bf5 {LiveBook: 5 Games} 16. Nh2 Na5 {The position is equal.} 17. Bc2 Nc4 $146 ({Predecessor:} 17... Bxc2 18. Qxc2 Nc4 19. Ng4 f5 20. exf6 Bxf6 21. a4 bxa4 22. Rxa4 {1-0 (39) Rocha,V (2014)-Pinto,R (2038) Natal 2014}) 18. f4 b4 19. cxb4 Bxb4 20. Re2 Rab8 21. Bf2 Bc3 22. Rc1 {And now Bxf5 would win.} Bb2 $36 {[%mdl 2048] Black has some pressure.} 23. g4 Bxc2 24. Rcxc2 Qa4 25. Qf1 $2 (25. Nf1 $11) 25... Qxa2 $19 26. f5 Qb3 {Hoping for ...a5.} 27. Qg2 c6 {Threatens to win with ...a5.} 28. Nf3 (28. Nf1 $17) 28... Qd3 29. Qg3 (29. e6 {was necessary.}) 29... Bc1 (29... Rb3 $19 {and Black stays clearly on top.} 30. Kg2 a5) 30. Ra2 (30. Ne1 $17 {keeps fighting.} Qxg3+ 31. Bxg3) 30... Rb1 {...Bf4+ is the strong threat.} 31. Kg2 $2 {[#]} (31. Ne1 {is a better chance.} Qxg3+ 32. Bxg3) 31... Bd2 $1 {[%mdl 512]} 32. Raxd2 Nxd2 33. Nxd2 Qxe2 34. Nxb1 Qe4+ 35. Kh2 Qxb1 {[%mdl 4096] Endgame KQR-KQB} 36. f6 Qe4 37. fxg7 Kxg7 38. Be3 Qc2+ 39. Bf2 Qe4 $2 (39... a5 $19 40. Qf4 f5 41. Qg5+ Kh8) 40. Qh4 $2 {[%mdl 8192]} (40. Be3 $11 Rb8 41. Qf2) 40... Qf4+ 41. Bg3 Qh6 42. Qe7 Qe6 43. Qa3 Qg6 44. Bh4 (44. Qb3 $142 a5 45. Bh4) 44... Qc2+ 45. Kg3 Rb8 46. Bf6+ Kg6 47. Qd6 Rb3+ 48. Kh4 Qf2# {Precision: White = 32%, Black = 70%.} 0-1

[Event "EYCC Open U18 2018"]
[Site "Riga"]
[Date "2018.08.29"]
[Round "9"]
[White "Gumularz, Szymon"]
[Black "Lopez Mulet, Inigo"]
[Result "1/2-1/2"]
[WhiteElo "2458"]
[BlackElo "2395"]
[Annotator "TA"]
[PlyCount "120"]
[EventDate "2018.08.20"]
[EventType "swiss"]
[EventCountry "LAT"]
[SourceTitle "playchess.com"]
[Source "ChessBase"]
[SourceQuality "1"]

{[%evp 18,120,-12,-11,1,-10,0,-20,15,0,0,0,0,0,0,0,11,16,5,0,94,102,91,0,0,-7,0,-8,0,-41,-38,-29,25,31,35,29,33,41,68,65,92,108,110,95,185,184,174,160,195,192,187,191,188,183,168,179,250,209,266,247,347,346,346,354,327,231,446,386,522,520,632,606,621,607,577,486,609,609,608,608,602,601,684,684,684,681,863,524,526,295,385,10,173,8,193,187,194,8,8,8,8,8,8,8,8]} 1. d4 e6 2. Bf4 d5 3. Nf3 Bd6 4. Bg3 Nf6 5. Nbd2 c5 6. e3 {D02: 1 d4 d5 2 Nf3 sidelines, including 2...Nf6 3 g3 and 2...Nf6 3 Bf4} O-O 7. c3 Qc7 8. dxc5 (8. Bd3 Nbd7 9. O-O b6 10. e4 Bxg3 11. hxg3 dxe4 12. Nxe4 Bb7 13. Qe2 Rfd8 14. Rad1 cxd4 15. Nxd4 a6 16. Rfe1 h6 {½-½ (37) So,W (2815)-Carlsen,M (2832) chess.com INT 2017}) 8... Qxc5 9. Bd3 Nbd7 10. e4 {LiveBook: 4 Games. Threatens to win with e5.} dxe4 11. Bxe4 $146 ({Predecessor:} 11. Nxe4 Nxe4 12. Bxe4 Bxg3 13. hxg3 Nf6 14. Qe2 h6 15. Ne5 Nxe4 16. Qxe4 Rd8 17. O-O Bd7 18. Rad1 Be8 {½-½ (18) Berkes,F (2671)-Bindrich,F (2602) Batumi 2018}) 11... Qc7 12. Qe2 Nc5 13. Bc2 b6 14. Nc4 {[%cal Bd2c4,Bc4e5,Be5c6][%mdl 32]} Bxg3 15. hxg3 Ba6 16. Qe5 Qxe5+ 17. Ncxe5 Rad8 18. Nd4 Ncd7 (18... g6 $11 {keeps the balance.}) 19. Nec6 $16 Ra8 20. O-O-O (20. g4 $16 Nc5 21. Ne7+ Kh8 22. O-O-O) 20... Rfe8 $1 $11 21. Nb4 Bb7 $36 {[%mdl 2048] White is under pressure.} 22. Ba4 a5 23. Nbc6 Nc5 24. Bb5 Ba6 (24... Ng4 $142 25. Rhf1 Kf8) 25. Bxa6 Nxa6 26. Rhe1 Rac8 27. Ne5 Red8 28. Ndc6 Rxd1+ 29. Rxd1 {Black must now prevent Ne7+.} Kf8 30. Nd8 $1 Rc7 (30... a4 $16 {was necessary.}) 31. Rd6 $18 Nc5 32. Rxb6 Nfe4 33. f3 Nxg3 34. Ndc6 {White threatens Rb8+ and mate.} g5 35. Rb5 ({Don't play} 35. Nxa5 f6 $16) 35... Nb7 36. Nxa5 Nd6 (36... Nxa5 $142 37. Rxa5 Nf5) 37. Rb6 Ke7 38. Nac6+ Kf6 (38... Ke8 $142 39. Rb8+ Rc8 40. Rxc8+ Nxc8) 39. a4 {[%cal Ba2a4,Ba4a5][%mdl 32]} Ne2+ 40. Kd2 Nf4 41. c4 {[%cal Bc3c4,Bc4c5][%mdl 32]} h5 $2 (41... Ng6) 42. c5 Nc8 43. a5 Nd5 44. b4 Ncxb6 45. axb6 {[%mdl 4096] Endgame KRN-KNN} Rb7 46. Nc4 h4 47. Nd6 Rxb6 48. cxb6 Nxb6 49. Kd3 e5 50. Nc4 Nd5 51. b5 g4 52. Ne3 gxf3 53. gxf3 h3 {next ...Nxe3 is good for Black.} 54. Nf1 $2 (54. Nxd5+ $18 Ke6 55. Nc7+ Kd6 56. Ne8+ Kc5 57. Nf6) 54... Ke6 $2 {[#]} (54... Kf5 $1 $11 {and Black has nothing to worry.}) 55. Na5 $2 (55. Nd8+ $1 $18 Ke7 56. Nb7) 55... f5 $2 (55... Kf5 $1 $11 {and Black is okay.}) 56. Nc4 e4+ {[#]} 57. fxe4 $2 (57. Kd4 $1 $18) 57... fxe4+ $11 {The position is equal.} 58. Kd4 e3 {...e2 is the strong threat.} 59. Kd3 e2 60. Kxe2 Nc3+ {Precision: White = 56%, Black = 35%.} 1/2-1/2

[Event "EYCC Open U18 2018"]
[Site "Riga"]
[Date "2018.08.29"]
[Round "9"]
[White "Mesaros, Florian"]
[Black "Obgolts, Erik"]
[Result "1/2-1/2"]
[WhiteElo "2422"]
[BlackElo "2334"]
[Annotator "TA"]
[PlyCount "102"]
[EventDate "2018.08.20"]
[EventType "swiss"]
[EventCountry "LAT"]
[SourceTitle "playchess.com"]
[Source "ChessBase"]
[SourceQuality "1"]

{[%evp 22,102,69,70,91,89,106,66,91,83,87,31,124,116,121,59,57,56,116,42,110,78,72,71,95,117,102,109,96,100,112,110,110,89,107,83,150,47,35,39,185,170,322,348,339,285,275,250,235,106,128,24,76,0,0,0,0,0,25,0,18,15,21,13,11,0,54,-68,-66,-130,-100,-100,-11,-11,0,0,0,0,0,-8,0,0,0]} 1. d4 Nf6 2. c4 g6 3. Nc3 Bg7 4. e4 d6 5. Nf3 O-O 6. Be2 e5 7. O-O Nbd7 8. Be3 exd4 9. Nxd4 Re8 10. f3 a6 {E94: King's Indian: Classical: 6 Be2 e5 7 0-0: Various Black 7th moves} 11. Qd2 Ne5 12. Rad1 {LiveBook: 5 Games} Bd7 {White is slightly better.} 13. Nc2 $146 ({Predecessor:} 13. b3 Qe7 14. Bg5 Qf8 15. f4 Nc6 16. e5 Ng4 17. Nxc6 bxc6 18. h3 {1-0 (29) Gleizerov,E (2545)-Hoi,C (2393) Koge 2013}) 13... b6 14. Nb4 b5 15. c5 $1 Be6 16. Qc1 (16. b3 $16) 16... Nc4 (16... Qb8 $14) 17. Bg5 $16 Qb8 18. cxd6 (18. b3 $1 $16 {[%cal Rb3c4]} Ne5 19. Nbd5 Bxd5 20. Nxd5 Nxd5 21. Rxd5) 18... cxd6 $14 19. b3 Ne5 (19... Nb6 $1 $14) 20. Qf4 (20. f4 $16 Neg4 21. f5) 20... a5 (20... Ned7 $14) 21. Nbd5 (21. Nxb5 Nh5 $17) 21... Nxd5 22. Nxd5 Bxd5 23. Rxd5 f6 24. Bxf6 Rf8 25. Bxe5 $1 Rxf4 26. Bxf4 Qa7+ 27. Kh1 Be5 28. Bg5 h6 ({Better is} 28... a4) 29. Bc1 (29. Bd2 $1 $16) 29... Rc8 30. Bxb5 {Bc4 is the strong threat.} Rc2 (30... Rxc1 $1 $14 31. Rxc1 g5) 31. f4 $18 ({But not} 31. Bxh6 $6 Qh7 $14) 31... Rxc1 $2 (31... Bg7 {was called for.} 32. Rxd6 Qb8) 32. Rxc1 Bxf4 33. Rf1 Qe3 34. Bc4 Kg7 35. Rxa5 (35. e5 $1 $18 {[%cal Re5d6]} Bxe5 36. Rf7+ (36. Rxa5 h5 $16) 36... Kh8 37. Rb5) 35... h5 $16 {[#]} 36. Ra8 (36. Rd5 $1 $16) 36... h4 $1 $11 {[#]} 37. Rg8+ (37. Rf3 $1 $16 {[%cal Rf3e3]} Qe1+ 38. Bf1) 37... Kh7 $1 38. Rf8 g5 $1 39. Rf3 Qe1+ 40. Rf1 Qxe4 41. Rd1 {aiming for Bd3.} Qe5 42. Rf5 Qe3 (42... Qxf5 $2 {is the wrong capture.} 43. Bd3 $18) 43. Rfd5 {Strongly threatening R5d3.} h3 (43... Qf2 $1 $11) 44. Bf1 ({White should play} 44. R5d2 $1 $14) 44... Qf2 $1 $15 {Hoping for ...Be3.} 45. Bd3+ (45. R5d3 $15 Be3 46. Rxe3 hxg2+ 47. Bxg2 Qxe3 48. Rg1) 45... Kg7 $17 {[%csl Gf2][%cal Rh3g2]} 46. Be4 hxg2+ (46... Qh4 $17 47. g3 Bxg3) 47. Bxg2 $11 {The position is equal.} Qh4 {[%csl Gf4][%cal Rh4h2]} 48. h3 $1 Qg3 {[%csl Gf4][%cal Rg3h2]} 49. Kg1 Be3+ 50. Kh1 Bf4 {[%csl Gf4][%cal Rg3h2]} 51. Kg1 Be3+ {Precision: White = 30%, Black = 40%.} 1/2-1/2

[Event "EYCC Open U18 2018"]
[Site "Riga"]
[Date "2018.08.29"]
[Round "9"]
[White "Gadimbayli, Abdulla"]
[Black "Ioannidis, Evgenios"]
[Result "1/2-1/2"]
[WhiteElo "2413"]
[BlackElo "2343"]
[Annotator "TA"]
[PlyCount "64"]
[EventDate "2018.08.20"]
[EventType "swiss"]
[EventCountry "LAT"]
[SourceTitle "playchess.com"]
[Source "ChessBase"]
[SourceQuality "1"]

{[%evp 23,64,4,12,5,12,6,18,16,42,35,37,-9,0,7,0,0,0,-3,7,0,7,7,14,-31,-30,-25,0,-13,-7,-115,-35,-23,-26,-28,-7,-7,-12,-12,-9,-9,-6,-29,-16]} 1. e4 e5 2. Nf3 Nc6 3. Bb5 g6 4. O-O Bg7 5. c3 a6 6. Ba4 Nge7 7. d4 exd4 8. cxd4 O-O {C60: Spanische Partie} (8... b5 9. Bc2 d5 10. exd5 Nb4 11. Bb3 Nbxd5 12. Nc3 O-O 13. Re1 h6 14. h3 Nxc3 15. bxc3 Bb7 16. Ne5 {½-½ (40) Caruana,F (2816)-Giri,A (2782) Leuven 2018}) 9. d5 Na5 10. Nc3 b5 11. Bc2 d6 12. h3 Bb7 {LiveBook: 4 Partien} 13. Rb1 c6 14. dxc6 Naxc6 $146 ({Vorgänger:} 14... Bxc6 15. Be3 d5 16. Bc5 {1-0 (33) Anka,E (2405)-Mozes,E (2415) Gyula 1996}) 15. Bg5 h6 16. Be3 Rc8 17. Qe2 Na5 18. Bd4 Re8 19. Bxg7 Kxg7 20. Rbd1 Qc7 21. Bd3 Ng8 22. Qd2 Nf6 23. Rc1 {[#] Und Sd5 würde nun gewinnen.} Nc4 24. Bxc4 Qxc4 25. Qxd6 Nxe4 26. Qb6 (26. Nxe4 $11 Qxe4 27. Qd4+ Qxd4 28. Nxd4) 26... Nxc3 (26... Nc5 $17 {zielt auf ...Lxf3 ab.} 27. Qd6 Bxf3 28. gxf3 Qh4) 27. Rxc3 $15 Qd5 28. Rxc8 Bxc8 29. Qd4+ Qxd4 30. Nxd4 Rd8 31. Rd1 {[#] Droht stark Sf5+!} Kf6 32. Rd2 Be6 {Precision: Weiß = 53%, Schwarz = 38%.} 1/2-1/2

[Event "EYCC Open U18 2018"]
[Site "Riga"]
[Date "2018.08.29"]
[Round "9"]
[White "Vykouk, Jan"]
[Black "Gaifullin, Artur"]
[Result "1/2-1/2"]
[WhiteElo "2413"]
[BlackElo "2461"]
[Annotator "TA"]
[PlyCount "84"]
[EventDate "2018.08.20"]
[EventType "swiss"]
[EventCountry "LAT"]
[SourceTitle "playchess.com"]
[Source "ChessBase"]
[SourceQuality "1"]

{[%evp 13,84,29,38,0,0,0,20,14,15,18,66,69,67,65,91,73,106,106,157,138,146,138,152,135,136,138,145,107,133,133,133,135,230,229,210,201,233,235,233,233,233,233,233,236,236,235,236,241,437,241,228,207,147,16,27,19,12,25,79,76,112,117,114,113,110,95,95,95,112,115,112,112,117]} 1. c4 Nf6 2. Nf3 e6 3. g3 a6 4. Bg2 b5 5. b3 Bb7 6. O-O c5 7. Nc3 Qb6 {LiveBook: 171 Games} 8. cxb5 {A13: English Opening: 1...e6} (8. e3 Be7 9. Qe2 Ne4 10. Bb2 O-O 11. d4 Nxc3 12. Bxc3 cxd4 13. exd4 Bf6 14. Rac1 d6 15. c5 Qd8 16. Rfd1 Bd5 {½-½ (75) Bocharov,D (2611)-Svidler,P (2745) Novosibirsk 2016}) 8... axb5 9. d4 cxd4 10. Qxd4 $146 {The position is equal.} ({Predecessor:} 10. Nxd4 Bxg2 11. Kxg2 b4 12. Na4 Qb7+ 13. f3 Be7 14. Qd3 Ra5 15. Be3 O-O {0-1 (67) Felecan,F (2380)-Wojtkiewicz,A (2595) Kona 1998}) 10... Bc5 11. Qd3 b4 12. Na4 Rxa4 13. bxa4 Ba6 14. Qc2 Ng4 {[%cal Rg4f2]} 15. e3 $1 O-O {[#]} (15... Bxf1 $142 16. Bxf1 O-O) 16. Re1 $1 $16 Rc8 17. Qd1 d5 18. h3 Nf6 19. Bb2 Nbd7 20. Ne5 Bf8 21. Nxd7 Nxd7 22. Bf1 Bc4 (22... Nc5 $16) 23. Bxc4 $18 Rxc4 24. Rc1 Qc6 25. Qe2 Nb6 26. a5 Na4 27. e4 Nc3 28. Bxc3 $1 bxc3 29. exd5 exd5 {[#]} 30. a6 $1 d4 $2 (30... g6 {is a better defense.} 31. a7 Qa8) (30... Qxa6 31. Rxc3) 31. a7 (31. Rb1 $142 Qe6 32. a7 (32. Qxe6 fxe6 33. Re4 Bc5 $16) 32... Qxe2 33. Rxe2) 31... Ra4 32. Qe4 Qa6 33. a8=Q (33. Qd5 $16 Qxa7 34. Re8) 33... Qxa8 $11 34. Qxa8 Rxa8 {[%mdl 4096] Endgame KRR-KRB} 35. Red1 Ra4 (35... Bc5 $11 {keeps the balance.}) 36. Rc2 $16 {White is better.} g6 {[#]} 37. Kf1 $1 Ba3 38. Ke2 Bb2 39. Kd3 Kg7 40. Re1 h5 41. Re4 Rxa2 42. Rxd4 Ra1 {Precision: White = 78%, Black = 41%.} 1/2-1/2

[Event "EYCC Open U18 2018"]
[Site "Riga"]
[Date "2018.08.29"]
[Round "9"]
[White "Ozen, Deniz"]
[Black "Macko, Miroslav"]
[Result "1-0"]
[WhiteElo "2412"]
[BlackElo "2310"]
[Annotator "TA"]
[PlyCount "67"]
[EventDate "2018.08.20"]
[EventType "swiss"]
[EventCountry "LAT"]
[SourceTitle "playchess.com"]
[Source "ChessBase"]
[SourceQuality "1"]

{[%evp 13,67,55,62,63,70,31,48,47,78,77,81,74,88,63,91,75,79,77,70,49,89,78,74,62,56,64,175,164,149,139,277,263,261,260,280,274,281,286,296,289,382,319,306,297,377,362,745,732,1507,909,873,785,1950,1827,1925,2343]} 1. e4 c5 2. Nf3 Nc6 3. Bb5 e6 4. O-O Nge7 5. d4 cxd4 6. Nxd4 Qc7 {B30: Sicilian: 2...Nc6 3 Bb5, lines without ...g6} (6... Qb6 7. Nxc6 bxc6 8. Bd3 Ng6 9. c4 Be7 10. Nc3 O-O 11. Na4 Qc7 12. c5 d5 13. cxd6 Bxd6 14. g3 c5 {1-0 (27) Caruana,F (2811)-Lenic,L (2662) chess.com INT 2018}) 7. Be3 a6 {[#] LiveBook: 3 Games. And now ...Nxd4 would win.} 8. Be2 Nxd4 {White is slightly better.} 9. Bxd4 Nc6 10. Be3 d6 $146 ({Predecessor:} 10... Be7 11. c4 b6 12. Nc3 O-O 13. Qd2 Rb8 {0-1 (13) Rach,J (1895)-Ponting,A (1863) LSS email 2009}) 11. c4 Be7 12. Nc3 Rb8 13. Rc1 Bd7 14. Qd2 O-O 15. Rfd1 Rfd8 16. h3 Bf8 17. Bg5 $36 {[%mdl 2048] White is in control.} Rdc8 {[#]} 18. c5 $1 {[%mdl 512] Threatens to win with Na4.} Qa5 (18... dxc5 19. Qxd7) 19. cxd6 b5 (19... f6 $14) 20. a3 $18 b4 21. axb4 Nxb4 (21... Qxb4 $16 22. Bxa6 Re8) 22. Ra1 Qb6 23. Be3 {[%cal Bg5e3,Be3d4,Bd4e5][%mdl 32]} Qb7 24. e5 Bc6 25. Bf1 Ra8 26. Ra5 f6 27. Bd4 fxe5 28. Bxe5 Rd8 29. Qf4 Bd7 $2 (29... Nd5 30. Nxd5 Bxd5) 30. Ne4 {White is clearly winning.} Nc6 31. Ng5 {Threatening mate with Qf7+.} Nxe5 32. Rxe5 {Strongly threatening Bd3.} Bc6 33. Bc4 Bd5 34. Rexd5 {Precision: White = 70%, Black = 22%.} 1-0

[Event "EYCC Open U18 2018"]
[Site "Riga"]
[Date "2018.08.29"]
[Round "9"]
[White "Bronstein, Or"]
[Black "Warmerdam, Max"]
[Result "1-0"]
[WhiteElo "2342"]
[BlackElo "2421"]
[Annotator "TA"]
[PlyCount "51"]
[EventDate "2018.08.20"]
[EventType "swiss"]
[EventCountry "LAT"]
[SourceTitle "playchess.com"]
[Source "ChessBase"]
[SourceQuality "1"]

{[%evp 28,51,28,15,34,26,48,46,78,69,109,106,136,95,147,142,624,629,631,631,612,575,872,870,855,851]} 1. d4 Nf6 2. c4 g6 3. Nc3 d5 4. cxd5 Nxd5 5. e4 Nxc3 6. bxc3 Bg7 7. Nf3 c5 8. Rb1 O-O 9. Be2 b6 10. O-O Qc7 11. Bg5 {D85: Exchange Grünfeld: Unusual White 7th moves and lines with 7 Nf3} (11. Be3 Bb7 12. Bd3 Nd7 13. e5 Bd5 14. Ng5 Bxa2 15. Ra1 Bd5 16. Qg4 c4 17. Bc2 Qc6 18. Qh4 h6 19. Nh3 Bxg2 {1-0 (58) Perez Ponsa,F (2577)-Howell,D (2685) Gibraltar 2016}) 11... Bb7 12. Qd3 Ba6 13. Qe3 Bxe2 14. Qxe2 e6 15. Qe3 {LiveBook: 5 Games} Nd7 16. e5 cxd4 17. cxd4 Qc2 18. Rbc1 $146 ({Predecessor:} 18. a3 Rfc8 19. Rfc1 Qa2 20. Ra1 Qd5 21. h4 {0-1 (63) Hagen,A (2395)-Tari,A (2556) Stockholm 2016}) 18... Qxa2 19. Rc7 Qd5 20. Rfc1 f6 ({Black should play} 20... a5) 21. Bh6 $36 {[%mdl 2048] [#] aiming for Bxg7. White is in control.} Rae8 $2 {[%mdl 8192]} (21... Rf7 $16) 22. Bxg7 $18 {White is clearly winning.} Kxg7 23. exf6+ Rxf6 24. Ne5 Rd8 {and the idea ...Kg8 leaves Black hopeful.} 25. Nxd7 Rxd7 26. Qe5 {Precision: White = 87%, Black =  3%.} 1-0

[Event "EYCC Open U18 2018"]
[Site "Riga"]
[Date "2018.08.29"]
[Round "9"]
[White "Iliaguev, Nisim"]
[Black "Mirzoyan, Davit T."]
[Result "1/2-1/2"]
[WhiteElo "2324"]
[BlackElo "2364"]
[Annotator "TA"]
[PlyCount "174"]
[EventDate "2018.08.20"]
[EventType "swiss"]
[EventCountry "LAT"]
[SourceTitle "playchess.com"]
[Source "ChessBase"]
[SourceQuality "1"]

{[%evp 11,174,5,4,-21,-1,-35,-33,-42,-22,-32,-27,-39,-20,-40,2,0,-2,-9,-5,-14,0,0,0,-42,-49,-45,-5,-70,-39,-58,-32,-112,-106,-109,-120,-91,0,-97,-38,-68,-33,-40,25,10,39,6,0,2,0,0,10,0,10,6,7,7,52,52,71,7,7,6,5,0,7,0,0,0,0,0,0,0,13,0,0,0,0,0,0,0,0,0,0,0,0,0,0,0,0,0,0,0,0,0,0,0,0,0,0,0,0,0,0,0,0,0,0,0,0,0,0,0,0,0,0,0,0,0,0,0,0,0,0,0,0,0,0,0,0,0,0,0,0,0,0,0,0,0,0,0,0,0,0,0,0,0,0,0,0,0,0,0,0,0,0,0,0,0,0,0,0,0,0,0,0]} 1. d4 Nf6 2. Nf3 d5 3. g3 e6 4. Bg2 b5 5. O-O c5 (5... Be7 6. Nbd2 O-O 7. Ne5 Bb7 8. Nb3 a5 9. a4 b4 10. c4 bxc3 {½-½ (10) Hera,I (2620)-Piorun,K (2633) Brest 2018}) 6. b3 {A46: 1 d4 Nf6 2 Nf3 e6: Torre, London and Colle Systems} Bb7 {LiveBook: 15 Games} 7. c3 Be7 $146 ({Predecessor:} 7... Nbd7 8. Bb2 Be7 9. Nbd2 O-O 10. Re1 Qb6 11. h3 Rfd8 12. Qb1 h6 13. e3 Bc6 {0-1 (30) Zupancic,J (2076)-Titan,M (2117) Otocec 2010}) 8. Ba3 Nbd7 9. Nbd2 Rc8 10. Bb2 O-O 11. e3 Qb6 12. Qe2 Bd6 13. Rfb1 Rfe8 14. c4 bxc4 15. bxc4 Ba6 16. Qd1 dxc4 17. Qa4 (17. d5 $5 Nxd5 18. Ne4 $11) 17... Bb5 18. Qc2 Qc7 19. Bc3 (19. dxc5 $11 Qxc5 20. Nd4) 19... Rb8 20. Bf1 Rec8 21. Rc1 (21. a4 $15 Ba6 22. Rxb8 Rxb8 23. dxc5 Bxc5 24. Bxc4) 21... cxd4 $1 $17 22. Nxd4 Ba6 $1 23. a4 Ne5 {[#]} (23... Nd5 $17 {aiming for ...Ne5.} 24. Rab1 Rxb1 25. Rxb1 Nxc3 26. Qxc3 Be5) 24. Rcb1 (24. Nb5 $1 $11 {[%mdl 512]} Bxb5 25. axb5) 24... Nd5 (24... Rxb1 $17 25. Rxb1 Nd3) 25. Nb5 $1 $15 {[%cal Rb5c7]} Bxb5 26. axb5 Nd3 ({Black should play} 26... h5 $15) 27. Ba5 Qd7 28. Bxd3 cxd3 29. Qxd3 Be5 30. Ra3 {[%cal Ba1a3,Ba3b3,Bb3b6][%mdl 32]} Qe7 31. Rab3 Bc7 32. Bxc7 Rxc7 33. Nf3 Qf6 34. Nd4 $1 Ne7 {[#]} 35. b6 ({White should try} 35. Nc6 $1 $16 {[%cal Rc6b8][%mdl 512]} Rbc8 (35... Nxc6 36. bxc6) 36. Rc3) 35... axb6 $11 {The position is equal.} 36. Rxb6 Rbc8 37. Rb8 h5 38. Rxc8+ Rxc8 39. Qe4 Nd5 40. Ra1 Rb8 41. h4 Nc3 42. Qf3 (42. Qd3 {is interesting.} Nd5 43. Rc1 Nb4 44. Qe4 Nd5 45. Rc6) 42... Qxf3 $1 43. Nxf3 {[%mdl 4096] Endgame KRN-KRN} f6 44. Ra3 Ne4 45. Ra2 e5 46. Kg2 Kh7 47. Nd2 Nd6 48. Rc2 Rb6 49. Kf3 Ra6 50. Kg2 Kh6 51. Kf3 Nf7 52. Rc7 Nd6 53. Rc2 Ra4 54. Kg2 Nf5 55. Nf3 Ra3 56. Rd2 Rb3 57. Ra2 Rd3 58. Ra4 Kh7 59. Rb4 Rc3 60. Rb2 Ra3 61. Rd2 Kg6 62. Rb2 Nd6 63. Rd2 Ra6 (63... Ne4 {keeps more tension.} 64. Rb2 Rd3 65. Rb7 Rd6 66. Rb5 Rd1) 64. Rb2 Kf5 65. Rc2 Ra7 66. Rb2 Kg6 67. Rc2 Ra3 68. Rb2 Nc4 69. Rc2 Nd6 70. Rb2 Nf5 71. Rd2 Ne7 72. Rb2 Nd5 73. Rd2 Ra5 (73... Nc3 {looks sharper.} 74. Rc2 Nd1 75. Rd2 Nc3) 74. Rb2 Nc7 75. Nd2 Ne6 76. Nf3 Rd5 77. Rd2 Ra5 78. Rb2 Nc5 79. Nd2 Nd3 80. Rb3 Nc5 81. Rb2 Kh7 82. Rc2 Nd3 83. Rc3 Nb4 84. Rc4 Nd5 85. Rc2 Ra3 86. Rb2 Rd3 87. Ne4 Ra3 {Precision: White = 64%, Black = 62%.} 1/2-1/2